[Event "25th Czech Rapid G1 2014"]
[Site "Pardubice CZE"]
[Date "2014.07.17"]
[Round "7.4"]
[White "Pavlidis, Antonios"]
[Black "Megaranto, Susanto"]
[Result "1-0"]
[WhiteTitle "IM"]
[BlackTitle "GM"]
[WhiteElo "2479"]
[BlackElo "2532"]
[WhiteFideId "4212312"]
[BlackFideId "7101384"]
[EventDate "2014.07.16"]

1. e4 d5 2. exd5 Qxd5 3. Nc3 Qd6 4. d4 Nf6 5. Nf3 a6 6. g3 Bg4 7. Bg2 c6 8. O-O
e6 9. h3 Bxf3 10. Bxf3 Be7 11. Ne2 O-O 12. c3 Qc7 13. Bg2 Nbd7 14. Qc2 Rad8 15.
a4 a5 16. Nf4 e5 17. Ne2 Rfe8 18. Re1 Bd6 19. Bd2 h6 20. Rad1 b5 21. dxe5 Bxe5
22. Nd4 Bxd4 23. cxd4 Rxe1+ 24. Rxe1 b4 25. Qxc6 Qxc6 26. Bxc6 Nb6 27. Bb5 Rxd4
28. Be3 Re4 29. Rd1 Nbd5 30. Bc6 Re5 31. Bd4 Re6 32. Bb5 h5 33. Rc1 g6 34. Rc8+
Kg7 35. Bc4 Re1+ 36. Kg2 Re4 37. Bxf6+ Nxf6 38. Rc7 Ne8 39. Rxf7+ Kh6 40. Bb5
Nd6 41. Ra7 Re5 42. b3 Ne4 43. Bc4 Nd2 44. Bg8 g5 45. Rh7+ Kg6 46. Rd7 Re2 47.
Bf7+ Kh6 48. Rd6+ Kg7 49. Bxh5 Rxf2+ 50. Kxf2 Ne4+ 51. Ke3 Nxd6 52. Bg4 Kf6 53.
Kd4 Nf7 54. Be2 Nh6 55. Bg4 Nf7 56. Kc5 Ke5 57. Kb5 Kd4 58. Kxa5 Kc5 59. h4 gxh4
60. gxh4 Ne5 61. Bd1 Nf7 62. h5 Nh6 63. Be2 Nf5 64. Bd3 Nh6 65. Ka6 1-0

[Event "25th Czech Rapid G1 2014"]
[Site "Pardubice CZE"]
[Date "2014.07.17"]
[Round "7.5"]
[White "Kourousis, Epaminondas"]
[Black "Navara, David"]
[Result "0-1"]
[BlackTitle "GM"]
[WhiteElo "2364"]
[BlackElo "2716"]
[WhiteFideId "4211626"]
[BlackFideId "309095"]
[EventDate "2014.07.16"]

1. Nf3 d5 2. d4 Nf6 3. c4 c6 4. e3 Bg4 5. Qb3 Qb6 6. Nc3 e6 7. Ne5 Bf5 8. Qxb6
axb6 9. Bd2 Nbd7 10. Nxd7 Kxd7 11. f3 h5 12. Kf2 Bd6 13. Be2 h4 14. a3 Bg6 15.
Na2 Bc2 16. Nb4 Bb3 17. Rac1 c5 18. Nd3 Rhc8 19. Ne5+ Ke7 20. cxd5 exd5 21. Bc3
c4 22. g4 g5 23. h3 b5 24. Bf1 Ra4 25. Bg2 b4 26. axb4 Bxb4 27. Ra1 Bxc3 28.
Rxa4 Bxd4 29. Rxc4 dxc4 30. exd4 Nd5 31. f4 Nxf4 32. Bxb7 Rc7 33. Bg2 Nxg2 34.
Kxg2 c3 35. Rc1 Bd5+ 36. Kf2 cxb2 37. Rxc7+ Ke6 0-1

[Event "25th Czech Rapid G1 2014"]
[Site "Pardubice CZE"]
[Date "2014.07.17"]
[Round "7.6"]
[White "Sundararajan, Kidambi"]
[Black "Cvek, Robert"]
[Result "0-1"]
[WhiteTitle "GM"]
[BlackTitle "GM"]
[WhiteElo "2414"]
[BlackElo "2516"]
[WhiteFideId "5005370"]
[BlackFideId "307424"]
[EventDate "2014.07.16"]

1. Nf3 c5 2. g3 Nc6 3. Bg2 g6 4. c3 Bg7 5. d4 cxd4 6. cxd4 d5 7. Nc3 e6 8. O-O
Nge7 9. b3 O-O 10. e3 b6 11. Ba3 Ba6 12. Re1 Qd7 13. e4 dxe4 14. Nxe4 Rfd8 15.
Nd6 Qc7 16. Nxf7 Kxf7 17. Ng5+ Kg8 18. Nxe6 Qd7 19. Nxg7 Kxg7 20. d5 Nxd5 21.
Bb2+ Kf8 22. Qd2 Qf7 23. Qh6+ Kg8 24. Re6 Nce7 25. Rae1 Nf5 26. Qg5 Bb7 27. g4
Ng7 28. Qe5 Rf8 29. f4 Rad8 30. Bxd5 Rxd5 31. Qc3 Rd7 32. Rf6 Qxf6 33. Qxf6 Rxf6
34. Bxf6 Kf7 35. g5 Nf5 36. Re2 Bf3 37. Rc2 h6 38. Kf2 Be4 39. Re2 Bd3 40. Rd2
h5 41. Be5 Ke6 42. a4 Ne7 43. Bc3 Be4 44. Rxd7 Kxd7 45. a5 b5 46. b4 Nd5 47. Bd2
a6 48. h4 Ke6 49. Kg3 0-1

[Event "25th Czech Rapid G1 2014"]
[Site "Pardubice CZE"]
[Date "2014.07.17"]
[Round "7.7"]
[White "Muhammad, Luthfi Ali"]
[Black "Teske, Henrik"]
[Result "1-0"]
[WhiteTitle "FM"]
[BlackTitle "GM"]
[WhiteElo "2336"]
[BlackElo "2512"]
[WhiteFideId "7103743"]
[BlackFideId "4611500"]
[EventDate "2014.07.16"]

1. e4 e6 2. d4 d5 3. Nd2 Nd7 4. Ngf3 dxe4 5. Nxe4 Ngf6 6. Bd3 c5 7. O-O Nxe4 8.
Bxe4 Nf6 9. Bg5 Be7 10. Bxf6 Bxf6 11. dxc5 Bxb2 12. Rb1 Bf6 13. c6 bxc6 14.
Bxc6+ Bd7 15. Bxa8 Qxa8 16. Qd6 Qc6 17. Rb8+ Bd8 18. Qxc6 Bxc6 19. Rd1 Ke7 20.
Ne5 Ba4 21. Rb4 Be8 22. Rb7+ 1-0

[Event "25th Czech Rapid G1 2014"]
[Site "Pardubice CZE"]
[Date "2014.07.17"]
[Round "7.8"]
[White "Gordievsky, Dmitry"]
[Black "Dolezal, Radoslav1"]
[Result "1-0"]
[WhiteTitle "FM"]
[BlackTitle "IM"]
[WhiteElo "2439"]
[BlackElo "2368"]
[WhiteFideId "24112798"]
[BlackFideId "304735"]
[EventDate "2014.07.16"]

1. d4 Nf6 2. Nf3 e6 3. e3 c5 4. Bd3 d5 5. b3 Nbd7 6. O-O Be7 7. Bb2 O-O 8. Nbd2
b6 9. Ne5 Bb7 10. f4 Ne4 11. Nxe4 dxe4 12. Bc4 Nxe5 13. fxe5 Bd5 14. Ba6 Bg5 15.
Qe2 Bh6 16. Rad1 Qg5 17. c4 Qxe3+ 18. Qxe3 Bxe3+ 19. Kh1 Bc6 20. d5 exd5 21.
cxd5 Bd7 22. Rde1 Bg5 23. Rxe4 Rae8 24. a4 Bc8 25. Bc4 h5 26. Re2 Bg4 27. Rc2
Rd8 28. h3 Bc8 29. Rcf2 Be3 30. Rf3 Bg5 31. Rg3 Bh4 32. Rd3 Rfe8 33. Kh2 Bg5 34.
Rg3 Bh4 35. Rd3 Bg5 36. Rdf3 Bb7 37. Rf5 Bh6 38. d6 Bc8 39. Bxf7+ Kh8 40. Rxh5
Rf8 41. e6 Bxe6 42. Rxh6# 1-0

[Event "25th Czech Rapid G1 2014"]
[Site "Pardubice CZE"]
[Date "2014.07.17"]
[Round "7.9"]
[White "Oparin, Grigoriy"]
[Black "Freisler, Pavel"]
[Result "1-0"]
[WhiteTitle "GM"]
[BlackTitle "IM"]
[WhiteElo "2550"]
[BlackElo "2301"]
[WhiteFideId "24125890"]
[BlackFideId "301477"]
[EventDate "2014.07.16"]

1. e4 e5 2. Nc3 Nf6 3. g3 d5 4. exd5 Nxd5 5. Bg2 Nxc3 6. bxc3 Be7 7. Nf3 Nc6 8.
O-O O-O 9. Re1 Bf6 10. d3 Re8 11. Nd2 g6 12. Rb1 Bg7 13. Nc4 Qf6 14. h4 h5 15.
Bg5 Qf5 16. Qd2 Nd8 17. Bxd8 Rxd8 18. Qg5 Qxg5 19. hxg5 e4 20. Rxe4 Bxc3 21. Rb3
Bg7 22. Na5 Be6 23. Rxe6 fxe6 24. Bxb7 Rab8 25. Nc6 Re8 26. Nxb8 Rxb8 27. Bd5
Re8 28. Be4 Bd4 29. c3 Bb6 30. Bxg6 Rf8 31. Rb2 Kg7 32. Be4 h4 33. gxh4 Rh8 34.
Kg2 Rxh4 35. Kg3 Rh8 36. a4 Rh5 37. f4 Rh8 38. Kg4 Rf8 39. d4 c5 40. d5 Bc7 41.
Rf2 Re8 42. dxe6 Rxe6 43. Re2 Ba5 44. f5 Re8 45. f6+ Kf8 46. g6 1-0

[Event "25th Czech Rapid G1 2014"]
[Site "Pardubice CZE"]
[Date "2014.07.17"]
[Round "7.10"]
[White "Petr, Martin"]
[Black "Gorbatov, Alexej"]
[Result "1-0"]
[WhiteTitle "GM"]
[BlackTitle "IM"]
[WhiteElo "2540"]
[BlackElo "2358"]
[WhiteFideId "318299"]
[BlackFideId "4111834"]
[EventDate "2014.07.16"]

1. e4 c6 2. d4 d5 3. exd5 cxd5 4. c4 Nf6 5. Nc3 e6 6. Nf3 Be7 7. Bd3 O-O 8. O-O
dxc4 9. Bxc4 Nc6 10. a3 a6 11. Qd3 b5 12. Ba2 Bb7 13. Bg5 Qb6 14. Rad1 Rad8 15.
Rfe1 Rfe8 16. Bb1 g6 17. h4 Rd7 18. Ba2 Red8 19. Qe2 b4 20. Bxe6 Nxd4 21. Nxd4
fxe6 22. Na4 Qa5 23. Qxe6+ Kg7 24. Nb6 Rc7 25. Qxe7+ Rxe7 26. Rxe7+ Kg8 27. Rxb7
Ne4 28. Bxd8 1-0

[Event "25th Czech Rapid G1 2014"]
[Site "Pardubice CZE"]
[Date "2014.07.17"]
[Round "7.11"]
[White "Sergeev, Vladimir"]
[Black "Zpevak, Pavel"]
[Result "0-1"]
[WhiteTitle "GM"]
[BlackTitle "IM"]
[WhiteElo "2447"]
[BlackElo "2362"]
[WhiteFideId "14101076"]
[BlackFideId "300586"]
[EventDate "2014.07.16"]

1. d4 Nf6 2. Nf3 e6 3. e3 b6 4. Bd3 Bb7 5. O-O d6 6. Re1 Nbd7 7. e4 e5 8. d5 g6
9. c4 Bg7 10. Nc3 O-O 11. Bg5 h6 12. Bh4 g5 13. Bg3 a5 14. Nd2 Nc5 15. Bc2 Bc8
16. f3 Nh5 17. Nf1 Nf4 18. Ne3 Bd7 19. Bf2 Qf6 20. Qd2 h5 21. Rf1 Bh6 22. Kh1
Kh8 23. Bg1 Rg8 24. g3 Nh3 25. g4 Nf4 26. b3 Bf8 27. Rab1 Be7 28. a3 Qh6 29. b4
Nb7 30. Nf5 Bxf5 31. exf5 hxg4 32. fxg4 Qh3 33. f6 Bxf6 34. Bf5 axb4 35. axb4
Ra3 36. Ne4 Be7 37. Rf2 Rga8 38. Qd1 Ra2 39. Qf1 Rxf2 40. Qxf2 Ra2 41. Qg3 Qh6
42. Qf3 Qf8 43. Qf1 Qh6 44. Qf3 Ne2 45. Qe3 Nxg1 46. Qxg1 Qh3 47. Qg3 Qxg3 48.
hxg3 Kg7 49. Bc8 Nd8 50. c5 dxc5 51. bxc5 Bxc5 52. Nxc5 bxc5 53. Rc1 e4 54. Rxc5
e3 55. Rc1 Kf6 56. Re1 Ra3 57. Kg2 Ke5 58. Kf3 Kd4 59. Bf5 Nb7 60. Rd1+ Ke5 61.
Rc1 Nd6 62. Rxc7 Kxd5 63. Re7 Nb5 64. Rd7+ Kc4 65. Bh7 Nd4+ 66. Kg2 Ra2+ 67. Kf1
Ra1+ 68. Kg2 e2 69. Rc7+ Kb4 70. Rb7+ Kc5 0-1

[Event "25th Czech Rapid G1 2014"]
[Site "Pardubice CZE"]
[Date "2014.07.17"]
[Round "7.12"]
[White "Lalic, Bogdan"]
[Black "Ekdyshman, Mikhail"]
[Result "1-0"]
[WhiteTitle "GM"]
[BlackTitle "IM"]
[WhiteElo "2482"]
[BlackElo "2369"]
[WhiteFideId "409081"]
[BlackFideId "4149416"]
[EventDate "2014.07.16"]

1. d4 d5 2. c4 Nc6 3. Nc3 Nf6 4. Nf3 Bg4 5. cxd5 Nxd5 6. e4 Bxf3 7. gxf3 Nxc3 8.
bxc3 Qd7 9. Rb1 Nd8 10. Qb3 e6 11. Be3 Bd6 12. Bg2 O-O 13. f4 c6 14. c4 Kh8 15.
O-O f6 16. Rfd1 Qe7 17. c5 Bc7 18. d5 exd5 19. exd5 cxd5 20. Qxd5 Rf7 21. Rb3
Rb8 22. Qc4 f5 23. Rbd3 h6 24. Qa4 Nc6 25. Bxc6 bxc6 26. Qxc6 Qh4 27. Qf3 Rf6
28. Rd7 Rg6+ 29. Kh1 Rd8 30. Rxd8+ Bxd8 31. Qa8 Kh7 32. Rxd8 Re6 33. Rh8+ Kg6
34. Qg2+ Kf7 35. Qd5 Qh3 36. Kg1 Qg4+ 37. Kf1 Qh3+ 38. Ke2 Qh5+ 39. Kd2 Qh4 40.
Rf8+ Kxf8 41. Qxe6 Qd8+ 1-0

[Event "25th Czech Rapid G1 2014"]
[Site "Pardubice CZE"]
[Date "2014.07.17"]
[Round "7.13"]
[White "Potapov, Pavel"]
[Black "Krapivin, Vladislav"]
[Result "1-0"]
[WhiteTitle "IM"]
[BlackTitle "IM"]
[WhiteElo "2482"]
[BlackElo "2321"]
[WhiteFideId "4169786"]
[BlackFideId "4126149"]
[EventDate "2014.07.16"]

1. e4 d6 2. d4 Nf6 3. Nc3 e5 4. Nge2 Be7 5. g3 h5 6. h3 h4 7. g4 c6 8. Be3 b5 9.
a3 Bb7 10. Bg2 a6 11. O-O Nbd7 12. f4 Qc7 13. Qe1 Nh7 14. Rd1 Nhf8 15. Qf2 f6
16. fxe5 dxe5 17. dxe5 Qxe5 18. Nd4 g5 19. Nf5 Ne6 20. Rfe1 a5 21. Nd5 Bf8 22.
Nb6 Nxb6 23. Bxb6 Rh7 24. Nd4 Bd6 25. Nf3 Qg3 26. e5 Qxf2+ 27. Bxf2 Bxe5 28.
Nxe5 fxe5 29. Rxe5 Re7 30. Rde1 Kf7 31. Bc5 Ree8 32. Be3 Rad8 33. Rf1+ Kg6 34.
Be4+ Kg7 35. Bxg5 Rd4 36. Bf6+ Kg8 37. Bg6 Rf8 38. Rxe6 Bc8 39. Bxd4 1-0

[Event "25th Czech Rapid G1 2014"]
[Site "Pardubice CZE"]
[Date "2014.07.17"]
[Round "7.14"]
[White "Shalimov, Valery"]
[Black "Vishnu Prasanna, V"]
[Result "0-1"]
[WhiteTitle "IM"]
[BlackTitle "GM"]
[WhiteElo "2412"]
[BlackElo "2459"]
[WhiteFideId "14104881"]
[BlackFideId "5030692"]
[EventDate "2014.07.16"]

1. d4 Nf6 2. Nf3 b6 3. Bg5 Bb7 4. e3 e6 5. Bd3 h6 6. Bh4 Be7 7. O-O O-O 8. Nbd2
c5 9. c3 d6 10. Qe2 a6 11. Rad1 Nbd7 12. a3 b5 13. e4 Re8 14. e5 dxe5 15. dxe5
Nd5 16. Bxe7 Qxe7 17. Ne4 Nf4 18. Qe3 Nxd3 19. Rxd3 Red8 20. Rfd1 c4 21. Rd4
Bxe4 22. Qxe4 Nc5 23. Qe3 Nd3 24. b4 Rxd4 25. Qxd4 Qc7 26. g3 Rd8 27. Qe3 Rd5
28. Rd2 Qd8 29. Re2 Nc1 30. Rd2 Nd3 31. Re2 a5 32. Kg2 Qa8 33. Qe4 axb4 34. axb4
Qa1 35. Rc2 Qb1 36. Qe2 g6 37. Ra2 Kg7 38. Ra7 Qc1 39. Nd4 Rxe5 40. Nxe6+ Kf6
41. Qg4 Ne1+ 42. Kf1 Nf3+ 43. Kg2 Qg1+ 44. Kxf3 Qd1+ 45. Kg2 0-1

[Event "25th Czech Rapid G1 2014"]
[Site "Pardubice CZE"]
[Date "2014.07.17"]
[Round "7.15"]
[White "Golubov, Saveliy"]
[Black "Jansa, Vlastimil"]
[Result "1-0"]
[BlackTitle "GM"]
[WhiteElo "2339"]
[BlackElo "2453"]
[WhiteFideId "24176729"]
[BlackFideId "300128"]
[EventDate "2014.07.16"]

1. e4 c5 2. Nf3 e6 3. c4 Nc6 4. Nc3 e5 5. g3 d6 6. Bg2 g6 7. O-O Bg7 8. a3 a5 9.
d3 Nge7 10. Nd5 O-O 11. Bg5 f6 12. Bd2 Bg4 13. h3 Bxf3 14. Bxf3 Nxd5 15. cxd5
Nd4 16. Bg2 a4 17. Bc3 f5 18. Bxd4 cxd4 19. Rc1 Qb6 20. exf5 gxf5 21. Qe2 Rae8
22. Rc4 Qa5 23. Rfc1 Bh6 24. R1c2 Re7 25. Qh5 Bg7 26. Rc8 Rf7 27. Rxf8+ Rxf8 28.
Qd1 Re8 29. Qh5 Rf8 30. Kh2 e4 31. Qe2 Qb5 32. Rc4 Qxd5 33. Rxa4 Re8 34. Rb4 Qe5
35. Qh5 b5 36. f4 Qe6 37. Rxb5 d5 38. Rxd5 Qg6 39. Qe2 exd3 40. Qxd3 Re3 41.
Rd8+ Re8 42. Rxe8+ Qxe8 43. Qxf5 h5 44. Bd5+ Kh8 45. Be4 Kg8 46. h4 Qd8 47. Bd5+
Kh8 48. Qxh5+ 1-0

[Event "25th Czech Rapid G1 2014"]
[Site "Pardubice CZE"]
[Date "2014.07.17"]
[Round "7.16"]
[White "Zubritskiy, Artyom"]
[Black "Bochkarev, Alexander"]
[Result "1-0"]
[BlackTitle "FM"]
[WhiteElo "2335"]
[BlackElo "2438"]
[WhiteFideId "4181247"]
[BlackFideId "4140230"]
[EventDate "2014.07.16"]

1. d4 d5 2. c4 Nc6 3. Nc3 Nf6 4. Bg5 dxc4 5. Nf3 h6 6. Bxf6 exf6 7. e3 Bd6 8.
Bxc4 O-O 9. O-O Bg4 10. h3 Bd7 11. a3 a6 12. Rc1 f5 13. Re1 g5 14. Nd2 Qf6 15.
Qh5 Kg7 16. Ba2 Rae8 17. Nc4 Qg6 18. Qxg6+ Kxg6 19. Bb1 Kg7 20. Nd5 Rd8 21. Nxd6
cxd6 22. Nb6 Kf6 23. d5 Ne7 24. Rc7 Bb5 25. a4 Be8 26. Rxb7 Nc8 27. Rb8 1-0

[Event "25th Czech Rapid G1 2014"]
[Site "Pardubice CZE"]
[Date "2014.07.17"]
[Round "7.18"]
[White "Klukin, Kirill"]
[Black "Reutsky, Sergei"]
[Result "1-0"]
[BlackTitle "IM"]
[WhiteElo "2067"]
[BlackElo "2387"]
[WhiteFideId "24199273"]
[BlackFideId "4157419"]
[EventDate "2014.07.16"]

1. d4 d5 2. Nf3 Nf6 3. c4 e6 4. Nc3 Be7 5. Bg5 O-O 6. e3 c6 7. Qc2 Nbd7 8. Rd1
Re8 9. Be2 dxc4 10. Bxc4 Nd5 11. Bxe7 Qxe7 12. O-O Nxc3 13. Qxc3 Nb6 14. Bb3 Bd7
15. Ne5 f6 16. Nd3 Rad8 17. Nc5 Bc8 18. Qa5 Kh8 19. Qxa7 Nd5 20. Nd3 Nc7 21. Qc5
Qd7 22. Qc2 Qf7 23. Nc5 Qh5 24. Ne4 Nd5 25. Ng3 Qh6 26. Qe2 g6 27. Qf3 Kg7 28.
Ne2 Qg5 29. e4 Nb4 30. Qf4 Qxf4 31. Nxf4 e5 32. dxe5 fxe5 33. Ne2 Nd3 34. Rb1
Nc5 35. Nc3 Rd2 36. Rfd1 Red8 37. Rxd2 Rxd2 38. Bc4 Rd4 39. Be2 Nxe4 40. Nxe4
Rxe4 41. Kf1 Rb4 42. b3 Bf5 43. Rc1 Rd4 44. Ke1 Be4 45. f3 Bd5 46. Rd1 Rxd1+ 47.
Bxd1 e4 48. f4 Kf6 49. g3 g5 50. fxg5+ Kxg5 51. Kf2 Kf5 52. Ke3 Ke5 53. g4 h6
54. h4 c5 55. Bc2 c4 56. bxc4 Bxc4 57. a3 Bd5 58. g5 hxg5 59. hxg5 b6 60. g6 Kf6
61. Bxe4 Bc4 62. Kd4 Bb5 63. Kd5 Be8 64. Kd6 b5 65. Kc5 Bd7 66. Bd3 Be8 67. Kb6
Kg7 68. Bxb5 Bxg6 69. a4 Kf6 70. a5 Ke6 71. a6 Kd6 72. Bc6 1-0

[Event "25th Czech Rapid G1 2014"]
[Site "Pardubice CZE"]
[Date "2014.07.17"]
[Round "7.19"]
[White "Rigopoulos-Tsigkos, Alexandros"]
[Black "Biolek, Richard Jr."]
[Result "0-1"]
[BlackTitle "IM"]
[WhiteElo "2052"]
[BlackElo "2429"]
[WhiteFideId "4215109"]
[BlackFideId "319996"]
[EventDate "2014.07.16"]

1. e4 Nc6 2. Nc3 e5 3. f4 Bc5 4. Nf3 d6 5. Na4 Bg4 6. Nxc5 dxc5 7. Bb5 Ne7 8. h3
Bxf3 9. Qxf3 O-O 10. c3 exf4 11. O-O Ne5 12. Qxf4 N7g6 13. Qe3 c4 14. b3 Qd3 15.
Re1 Rfd8 16. Bxc4 Nxc4 17. bxc4 Ne5 18. c5 a5 19. Qxd3 Nxd3 20. Re2 Ra6 21. Ba3
Rg6 22. Rf1 h6 23. Rf5 c6 24. Re3 Re6 25. Kf1 g6 26. Rff3 Ne5 27. d4 Nc4 28. Bc1
Nxe3+ 29. Rxe3 Rde8 30. Rf3 Rxe4 31. Bxh6 Re1+ 32. Kf2 R8e2+ 33. Kg3 Rg1 34. Bf4
Rexg2+ 0-1

[Event "25th Czech Rapid G1 2014"]
[Site "Pardubice CZE"]
[Date "2014.07.17"]
[Round "7.20"]
[White "Mudrak, Josef"]
[Black "Chernyshov, Konstantin"]
[Result "1/2-1/2"]
[WhiteTitle "FM"]
[BlackTitle "GM"]
[WhiteElo "2350"]
[BlackElo "2508"]
[WhiteFideId "301116"]
[BlackFideId "4117328"]
[EventDate "2014.07.16"]

1. d4 e6 2. Nf3 f5 3. g3 b6 4. Bg2 Bb7 5. O-O Nf6 6. c4 Be7 7. Nc3 Ne4 8. Qc2
Nxc3 9. Qxc3 Bf6 10. b3 O-O 11. Bb2 Be4 12. Qd2 d6 13. Rac1 Nd7 14. b4 a5 15. a3
axb4 16. axb4 Ra2 17. Ra1 Qa8 18. Qc3 Rxa1 19. Rxa1 Qb7 20. Ne1 Bxg2 21. Nxg2
Ra8 22. Nf4 Rxa1+ 23. Bxa1 Kf7 24. Qe3 Qe4 25. Qxe4 fxe4 26. e3 c6 27. Kf1 Ke7
28. Bc3 b5 29. c5 d5 30. Nh5 Kf7 31. Nxf6 gxf6 32. f4 exf3 33. Kf2 e5 34. Kxf3
e4+ 35. Kf4 Kg6 36. g4 Nf8 37. Be1 Ne6+ 38. Kg3 h5 39. Bf2 hxg4 40. Kxg4 f5+ 41.
Kh4 f4 42. Kg4 f3 43. h3 Nc7 44. Kg3 Kg5 45. Be1 Ne8 46. Kh2 Ng7 47. Bf2 Ne6 48.
Kg3 Kf5 49. Kh2 Nc7 50. Kg3 Kg5 51. Be1 Ne8 52. Bf2 Ng7 53. Kh2 Kf5 54. Kg3 Ne6
55. Bg1 Kg6 56. Bf2 Kg5 57. Bg1 Ng7 58. Bf2 Nf5+ 59. Kh2 Kg6 60. Kg1 Kh5 61. Kh2
Kg5 62. Kg1 Ng7 63. Kh2 Ne6 64. Kg3 Kf5 65. Bg1 Ng7 66. Bf2 Nh5+ 67. Kh2 Nf4 68.
exf4 Kxf4 69. Kg1 e3 70. h4 exf2+ 71. Kxf2 Kg4 72. h5 Kxh5 73. Kxf3 Kg5 74. Kg3
Kf5 75. Kf3 Kg5 1/2-1/2

[Event "25th Czech Rapid G1 2014"]
[Site "Pardubice CZE"]
[Date "2014.07.17"]
[Round "7.21"]
[White "Westerberg, Jonathan"]
[Black "Yuffa, Daniil"]
[Result "1-0"]
[WhiteTitle "FM"]
[BlackTitle "IM"]
[WhiteElo "2412"]
[BlackElo "2447"]
[WhiteFideId "1701754"]
[BlackFideId "24131423"]
[EventDate "2014.07.16"]

1. e4 c5 2. Nc3 Nc6 3. f4 g6 4. Nf3 Bg7 5. Bb5 Nd4 6. O-O Nxb5 7. Nxb5 d6 8. d3
Nf6 9. Nc3 O-O 10. Qe1 Rb8 11. a4 Ne8 12. f5 gxf5 13. Qh4 fxe4 14. Ng5 h6 15.
Ngxe4 d5 16. Ng3 Qd6 17. Nb5 Qg6 18. Nxa7 Nf6 19. Nxc8 Rbxc8 20. Nf5 Rfe8 21.
Bxh6 Bxh6 22. Nxh6+ Kf8 23. Rf5 Rc6 24. Raf1 Re6 25. Rg5 Qh7 26. Qf4 Rc8 27. Nf5
c4 28. Rg3 cxd3 29. cxd3 Nh5 30. Qh4 Rf6 31. Rg5 1-0

[Event "25th Czech Rapid G1 2014"]
[Site "Pardubice CZE"]
[Date "2014.07.17"]
[Round "7.22"]
[White "Korinek, Ondrej"]
[Black "Venkatesh, M.R."]
[Result "0-1"]
[WhiteTitle "FM"]
[BlackTitle "GM"]
[WhiteElo "2331"]
[BlackElo "2498"]
[WhiteFideId "319856"]
[BlackFideId "5005779"]
[EventDate "2014.07.16"]

1. e4 c5 2. Nf3 Nc6 3. d4 cxd4 4. Nxd4 Nf6 5. Nc3 d6 6. f3 e5 7. Nb3 Be7 8. Be3
O-O 9. Qd2 Re8 10. Rd1 a6 11. Be2 Bf8 12. O-O Be6 13. Qe1 Nb4 14. Rd2 Qc7 15.
Qf2 Nd7 16. Rfd1 Rac8 17. Bf1 b5 18. Kh1 Qb8 19. Nc1 Bc4 20. a3 Nc6 21. Nd5 Bxd5
22. Rxd5 Nf6 23. R5d2 Na5 24. b3 h6 25. Na2 Nc6 26. Nc3 Ne7 27. Na2 d5 28. exd5
Nf5 29. Ba7 Qb7 30. Bd3 Nd6 31. Qg1 e4 32. fxe4 Ndxe4 33. Re2 Nd6 34. Red2 Nxd5
35. Bxb5 Nxb5 36. Rxd5 Qxa7 37. Qxa7 Nxa7 38. c4 Re3 39. R5d3 Re5 40. a4 Nc6 41.
Nc3 Nb4 42. Rf3 Rce8 43. g3 Re3 44. Rdf1 Bc5 45. a5 Bd4 46. Na4 Rxf3 47. Rxf3 g5
48. g4 h5 49. h3 hxg4 50. hxg4 Re4 51. Rf5 Rxg4 52. Nc5 Nc2 53. Nxa6 Rh4+ 0-1

[Event "25th Czech Rapid G1 2014"]
[Site "Pardubice CZE"]
[Date "2014.07.17"]
[Round "7.23"]
[White "Lehmann, Holger"]
[Black "Belyakov, Bogdan"]
[Result "1/2-1/2"]
[BlackTitle "IM"]
[WhiteElo "2185"]
[BlackElo "2456"]
[WhiteFideId "4620275"]
[BlackFideId "24104795"]
[EventDate "2014.07.16"]

1. d4 Nf6 2. c4 g6 3. Nc3 Bg7 4. e4 O-O 5. h3 d6 6. Bg5 c5 7. d5 a6 8. a4 Qa5 9.
Bd2 e6 10. Bd3 Nbd7 11. Nf3 exd5 12. exd5 Re8+ 13. Kf1 Qc7 14. g3 Ne5 15. Nxe5
dxe5 16. a5 Bd7 17. Kg2 e4 18. Be2 h5 19. Bf4 Qc8 20. Qd2 Nh7 21. Ra3 Qd8 22.
Rb3 Bc8 23. Na4 Bf8 24. Nb6 Ra7 25. g4 Bd7 26. gxh5 g5 27. Rg3 f6 28. h4 Bh6 29.
hxg5 fxg5 30. Be3 Qe7 31. Kf1 Rf8 32. Ke1 Bf5 33. Rhg1 Kf7 34. Bg4 Bxg4 35. Rxg4
Nf6 36. d6 Qe5 37. Rxg5 Bxg5 38. Rxg5 Qe6 39. Rxc5 Qh3 40. Kd1 Raa8 41. Nxa8
Rxa8 42. Kc2 Rd8 43. Rc7+ Ke6 44. Re7+ Kf5 45. Qd4 Qh2 46. c5 Rf8 47. Rg7 Qxh5
48. Rg5+ Qxg5 49. Bxg5 Kxg5 50. b4 Kf5 51. b5 Ke6 52. bxa6 bxa6 53. c6 Rc8 54.
c7 Nd5 55. Kd2 Kxd6 56. Qxe4 Rxc7 57. f4 Rd7 58. Kc1 Rc7+ 59. Kd2 Rd7 60. Kc1 1/2-1/2

[Event "25th Czech Rapid G1 2014"]
[Site "Pardubice CZE"]
[Date "2014.07.17"]
[Round "7.24"]
[White "Hnydiuk, Aleksander"]
[Black "Rozhkov, Viacheslav"]
[Result "1-0"]
[WhiteTitle "IM"]
[BlackTitle "FM"]
[WhiteElo "2375"]
[BlackElo "2327"]
[WhiteFideId "1109057"]
[BlackFideId "4181484"]
[EventDate "2014.07.16"]

1. Nf3 d5 2. d4 Nf6 3. c4 dxc4 4. e3 e6 5. Bxc4 a6 6. O-O c5 7. Nc3 b5 8. Be2
Bb7 9. dxc5 Bxc5 10. Qxd8+ Kxd8 11. Nd2 Nbd7 12. Nb3 Bb4 13. Bd2 Rc8 14. a4 Bxc3
15. Bxc3 b4 16. Bxb4 Rc2 17. Nd4 Rxb2 18. Bc3 Rxe2 19. Nxe2 Ne4 20. Rfd1 Nxc3
21. Nxc3 Ke7 22. Rab1 Bc6 23. Rb4 h5 24. a5 h4 25. Rc4 Nb8 26. h3 Ba8 27. Rc7+
Kf6 28. f4 Nc6 29. Ne4+ Kg6 30. Ng5 Rf8 31. Nf3 Nxa5 32. Ne5+ Kf5 33. Nd7 1-0

[Event "25th Czech Rapid G1 2014"]
[Site "Pardubice CZE"]
[Date "2014.07.17"]
[Round "7.25"]
[White "Pisk, Petr"]
[Black "Ageichenko, Genadi A"]
[Result "1/2-1/2"]
[WhiteTitle "IM"]
[BlackTitle "IM"]
[WhiteElo "2390"]
[BlackElo "2297"]
[WhiteFideId "304689"]
[BlackFideId "4105222"]
[EventDate "2014.07.16"]

1. d4 Nf6 2. Bg5 Ne4 3. Bf4 c5 4. f3 Qa5+ 5. c3 Nf6 6. d5 d6 7. e4 g6 8. Nd2 Bg7
9. Nc4 Qd8 10. a4 O-O 11. Qd2 b6 12. Bd3 Na6 13. Ne2 Nc7 14. O-O Ba6 15. Bh6
Bxc4 16. Bxc4 a6 17. Bxg7 Kxg7 18. b4 e6 19. dxe6 fxe6 20. Rfd1 d5 21. exd5 exd5
22. Bb3 Qe7 23. a5 Rab8 24. Nf4 cxb4 25. cxb4 bxa5 26. Rac1 Rb7 27. Re1 Qd6 28.
bxa5 Re8 29. Rxe8 Nfxe8 30. Ba4 Nf6 31. h4 Ne6 32. Nxe6+ Qxe6 33. Qd4 Re7 34.
Rc6 Qe1+ 35. Kh2 Re6 36. Rc7+ Re7 37. Rc6 Re6 38. Rc7+ Re7 39. Rc6 Re6 40. Rc7+
Kg8 1/2-1/2

[Event "25th Czech Rapid G1 2014"]
[Site "Pardubice CZE"]
[Date "2014.07.17"]
[Round "7.26"]
[White "Vrana, Jan"]
[Black "Soural, Jan"]
[Result "1-0"]
[WhiteTitle "FM"]
[WhiteElo "2374"]
[BlackElo "2234"]
[WhiteFideId "322369"]
[BlackFideId "311928"]
[EventDate "2014.07.16"]

1. e4 c5 2. Nf3 g6 3. c3 Bg7 4. d4 cxd4 5. cxd4 d6 6. Nc3 Nc6 7. h3 Nf6 8. Be2
O-O 9. O-O Bd7 10. d5 Ne5 11. Nxe5 dxe5 12. Be3 Ne8 13. Qb3 Nd6 14. f3 Qb8 15.
a4 Rc8 16. Nb5 b6 17. Rfc1 Qb7 18. Nxd6 exd6 19. a5 b5 20. a6 Rxc1+ 21. Bxc1 Qc7
22. Be3 Rb8 23. Qb4 Bf8 24. Rc1 Qd8 25. Bd3 Be7 26. Rc2 Rc8 27. Rc3 Kg7 28. Kh1
Rxc3 29. bxc3 Qc8 30. Bxb5 Bxb5 31. Qxb5 Qxc3 32. Bxa7 Qe1+ 33. Bg1 Bh4 34. Qb2
Qa5 35. a7 Bg3 36. Qb8 Qe1 37. a8=Q 1-0